Code Lyoko - Attaques de XANA - Statistiques

Statistiques générales
  • Ce quiz a été pris 84 fois
  • Le résultat moyen est 36 sur 72
Statistiques - réponses
Description de l'attaque Numéro d'épisode % Correct
Nounours en peluche géant 1
85%
Un tube d'origine inconnu plongent ceux qui l'écoute dans le coma 18
78%
Un clone de Franz Hopper marginalise Jérémie 49
75%
Un satellite armé d'un rayon laser tire sur le collège 9
73%
Un tempête de neige s'abat sur la région 45
69%
Collision imminente entre deux trains de marchandises 5
69%
Un médecin s'attaque à Sissi 50
69%
L'ennemi public n° 1 vole une pile nucléaire 37
67%
Un nuage de gaz provoque l'hilarité mortelle 15
65%
Une armée de zombies assiège le réfectoire 40
65%
Un clône frimeur de Jérémie passe sous le contrôle de XANA 67
64%
Trois motards sèment la pagaille dans l'usine 80
64%
Deux agents secrets tentent de détruire le supercalculateur 56
62%
Deux tractopelles détruisent l'usine 6
62%
Un coup de jus à la machine à café 0
60%
Des frelons s'attaquent au collège 12
60%
Les lyokoguerriers se changent en statues 63
60%
Un sanglier s'acharne sur Jim et Jérémie 74
60%
Kiwi 2 se duplique et s'en prend au collège 86
60%
Des rats plongent la ville dans l'obscurité 11
58%
Un nuage toxique se répand dans le collège 3
58%
Une armure de samouraï prend vie 10
56%
L'usine se remet en route et piègent les lyokoguerriers 14
56%
Un spectre tente de noyer Odd 51
56%
Désastre à l'énergie nucléaire dû à un survoltage 2
55%
Des krabes sont matérialisés sur Terre 39
55%
Sissi et Hervé s'emparent de la chambre de Jérémie 88
55%
Des ultrasons provoquent l'effondrement du collège 13
53%
Nicolas est possédé par XANA 35
53%
Une météorite manque de s'écraser sur le quartier du collège 75
53%
William est xanatifié 94
53%
Des nanovirus provoquent une amnésie généralisée 17
51%
Un spectre d'apparence inconnue neutralise Jérémie, forçant Odd, yumi et Ulrich à se débrouiller seuls avec le supercalculateur 72
51%
La comptable des Subdigitals emmène Aelita pendant un concert 89
51%
États d'apesanteur locaux et spontanés 21
49%
Rosa casse la vaisselle 38
49%
L'infirmière du collège est possédée par XANA pendant la visite médicale 47
49%
Un tas de nourriture s'en prend aux lyokoguerriers 55
49%
Un spectre se fait passer pour le batteur des Subdigitals 68
49%
Tous ceux qui répondent au téléphone sont xanatifiés 91
49%
Jim est possédé par XANA pendant une fête post-examens 33
47%
Un spectre embrasse plusieurs personnes sous plusieurs apparences 43
47%
Aelita a des visions qui l'intriguent 46
47%
Les câbles de l'usine prennent vie 0
45%
Boule d'énergie électrique 0
45%
Un virus infecte le supercalculateur, rendant la dévirtualisation mortelle 22
45%
Le retour vers le passé échappe au contrôle de Jérémie 30
45%
Le réfectoire se transforme en prison électrifiée 16
44%
Des kankrelats sont matérialisés sur Terre 26
44%
Une ambulance folle plonge dans le fleuve 38
44%
Un esprit frappeur poursuit les lyokoguerriers 48
44%
Une meute de loups s'attaque aux lyokoguerriers 44
42%
Petits robots de bureau se rebellent contre leur créateur 0
40%
Un bus fonce sur le complexe pétrochimique 4
40%
Le proviseur prend Odd et Yumi en otage 41
40%
Une horde de corbeaux s'attaque aux lyokoguerriers 58
40%
Le supercalculateur est saboté 61
40%
La réplique de William passe sous le contrôle de XANA 69
40%
La créature d'un réalisateur de film prend vie 8
40%
Une maison abandonnée prend tous les traits d'une maison hantée 27
38%
Aelita est possédée par XANA à l'aide d'un collier 32
38%
Un avion de chasse lance un missile sur l'usine 84
38%
Toute la classe de Yumi est xanatifiée lors d'une sortie en forêt 54
35%
Un double de Yumi sème la pagaille au collège puis à l'usine 7
35%
Le proviseur emmène Aelita de force sur Lyoko 90
35%
La ville s'enfonce dans le sol 23
33%
Des racines clouent les lyokoguerriers au sol 61
33%
Un monstre aquatique électrocute tout ce qui s'en approche 76
33%
Des robots fabriqués à l'usine poursuivent les lyokoguerriers 20
29%
Jérémie est possédé par XANA 31
29%
Un spectre neutralise Jérémie et se fait passer pour lui 64
25%
L'usine manque d'exploser 59
24%
Aucun quiz correspondant
Distribution des résultats
% des personnes avec chaque résultat
Percentile par nombre de réponses
Votre historique - résultats
Vous n’avez pas pris ce quiz